Singers and songwriters, 1974-1975.

Bibliographic Details
Corporate Authors: Doobie Brothers (Performer), America (Musical group) (Performer), Jefferson Starship (Musical group) (Performer), Hollies (Musical group) (Performer), Ace (Musical group) (Performer), Amazing Rhythm Aces (Performer)
Other Authors: Denver, John (Performer), Chapin, Harry (Performer), Simon, Carly (Performer), Clapton, Eric (Performer), John, Elton (Performer), Taylor, James, 1948- (Performer), Ronstadt, Linda (Performer), Swan, Billy (Performer), Loggins, Dave (Performer), Martin, Michael Murphy (Performer), Ian, Janis (Performer), Cocker, Joe (Performer), Murray, Anne, 1945- (Performer), Croce, Jim (Performer), King, Carole, 1942- (Performer), Snow, Phoebe (Performer), Manchester, Melissa (Performer)
Format: CD Audio
Language:English
Published: [United States] : Time-Life Music, 1999.
Subjects:

MARC

Tag First Indicator Second Indicator Subfields
LEADER 00000cjm a2200000Ka 4500
001 in00001689708
005 20151024132522.0
007 sd fungnn---ed
008 010321s1999 xxuppn eng d
028 0 2 |a R812-03 A2 30939  |b Time-Life Music 
035 |a (OCoLC)ocm46516835 
040 |a CLE  |c CLE  |d TXA  |d UtOrBLW 
049 |a TXAM 
090 |a M1630.18  |b .S5674 1999 
245 0 0 |a Singers and songwriters, 1974-1975. 
264 1 |a [United States] :  |b Time-Life Music,  |c 1999. 
300 |a 2 sound discs :  |b digital ;  |c 4 3/4 in. 
336 |a performed music  |b prm  |2 rdacontent 
337 |a audio  |b s  |2 rdamedia 
338 |a audio disc  |b sd  |2 rdacarrier 
511 0 |a Various artists. 
500 |a Compact disc. 
505 0 |a Annie's song (John Denver) -- Black water (Doobie Brothers) -- Cat's in the cradle (Harry Chapin) -- Haven't got time for the pain (Carly Simon) -- I shot the sheriff (Eric Clapton) -- Dont' let the sun go down on me (Elton John) -- Sister golden hair (America) -- Mexico (James Taylor) -- You're no good (Linda Ronstadt) -- I can help (Billy Swan) -- Please come to Boston (Dave Loggins) -- Miracles (Jefferson Starship) -- Wildfire (Michael Martin Murphy) -- At seventeen (Janis Ian) -- You are so beautiful (Joe Cocker) -- The air that I breathe (Hollies) -- You won't see me (Anne Murray) -- I'll have to say I love you in a song (Jim Croce) -- Sunshine on my shoulders (John Denver) -- Jazzman (Carole King) -- How long (Ace) -- Poetry man (Phoebe Snow) -- Midnight blue (Melissa Manchester) -- Third rate romance (Amazing Rhythm Aces). 
500 |a Sound recording. 
650 0 |a Popular music  |y 1971-1980. 
700 1 |a Denver, John,  |e performer. 
700 1 |a Chapin, Harry,  |e performer. 
700 1 |a Simon, Carly,  |e performer. 
700 1 |a Clapton, Eric,  |e performer. 
700 1 |a John, Elton,  |e performer. 
700 1 |a Taylor, James,  |d 1948-  |e performer. 
700 1 |a Ronstadt, Linda,  |e performer. 
700 1 |a Swan, Billy,  |e performer. 
700 1 |a Loggins, Dave,  |e performer. 
700 1 |a Martin, Michael Murphy,  |e performer. 
700 1 |a Ian, Janis,  |e performer. 
700 1 |a Cocker, Joe,  |e performer. 
700 1 |a Murray, Anne,  |d 1945-  |e performer. 
700 1 |a Croce, Jim,  |e performer. 
700 1 |a King, Carole,  |d 1942-  |e performer. 
700 1 |a Snow, Phoebe,  |e performer. 
700 1 |a Manchester, Melissa,  |e performer. 
710 2 |a Doobie Brothers,  |e performer. 
710 2 |a America (Musical group),  |e performer. 
710 2 |a Jefferson Starship (Musical group),  |e performer. 
710 2 |a Hollies (Musical group),  |e performer. 
710 2 |a Ace (Musical group),  |e performer. 
710 2 |a Amazing Rhythm Aces,  |e performer. 
994 |a E0  |b TXA 
948 |a cataloged  |b h  |c 2002/5/27  |d c  |e bhartsfi  |f 3:10:13 pm 
999 |a MARS 
999 f f |s 5f14401f-fd97-3b0e-90ba-fa9695e7b41c  |i 065fa985-48ba-3843-8a3f-e24e135a8503  |t 0 
952 f f |p ric  |a Texas A&M University  |b Rellis Campus  |c Joint Library Facility  |d Remote Storage  |t 0  |e M1630.18 .S5674 1999  |h Library of Congress classification  |i audio -- audio disc  |m A14828799060 
998 f f |a M1630.18 .S5674 1999  |t 0  |l Remote Storage